Statistiques concernant Les 10 chaines youtube française ayant le plus d'abonnés

Cliquez ici pour prendre le quiz!

Statistiques générales

  • Ce quiz a été pris 267 fois
  • Le résultat moyen est 5 sur 10

Statistiques - réponses

Nombre d'abonnésYoutubeur% Correct
10 342 144Cyprien
97%
7 636 734SQUEEZIE
91%
8 406 843NORMAN FAIT DES VIDEOS
90%
3 136 947Natoo
58%
3 664 363Mister V
38%
3 485 924Le Rire Jaune
25%
6 068 022Rémi GAILLARD
24%
2 932 991Andy
19%
4 266 558CyprienGaming
18%
2 882 211Studio Bagel
11%

Distribution des résultats

Percentile par nombre de réponses

% des personnes avec chaque résultat

Votre développement - résultats

Vous n’avez pas pris ce quiz